Faunal Diversity of AGROECOSYSTEMS IN INDIA/ (Record no. 200419)

MARC details
000 -LEADER
fixed length control field 00623nam a22001937a 4500
005 - DATE AND TIME OF LATEST TRANSACTION
control field 20240129111920.0
010 ## - LCCN (DPL NO)
LC control number ENG-139012
020 ## - INTERNATIONAL STANDARD BOOK NUMBER
Terms of availability 5550.00
International Standard Book Number 9788181715425
035 ## - SYSTEM CONTROL NUMBER
System control number EN-122544
037 ## - SOURCE OF ACQUISITION
Source of stock number/acquisition DBAD/PUB
082 ## - DEWEY DECIMAL CLASSIFICATION NUMBER
Classification number 591.954
100 ## - MAIN ENTRY--PERSONAL NAME
Personal name CHANDRA, KAILASH
245 ## - TITLE STATEMENT
Title Faunal Diversity of AGROECOSYSTEMS IN INDIA/
Statement of responsibility, etc Kailash chandra
260 ## - PUBLICATION, DISTRIBUTION, ETC. (IMPRINT)
Place of publication, distribution, etc Kolkata
Name of publisher, distributor, etc Publication Division
Date of publication, distribution, etc 2021
270 ## - ADDRESS
Address M-Block, New Alipore, Kolkta-700053
300 ## - PHYSICAL DESCRIPTION
Extent 767 p.
Dimensions 25cm(Hbk)
700 ## - ADDED ENTRY--PERSONAL NAME
Personal name Kailash Chandra, P.C Pathania,K. rajmohana and S.S Hundal
9 (RLIN) 61360
942 ## - ADDED ENTRY ELEMENTS (KOHA)
Source of classification or shelving scheme Dewey Decimal Classification
Item type English Books
Classification part 591.954
Call number suffix CHA

No items available.


© Delhi Public Library
Hit Counter
free hit counter